Prečo je WalMart za zvýšenie miezd

Minimálna mzda v USA a priemerná mesačná mzda pracovníkov maloobchodnej siete WalMart. Požiadavka zástupcu tejto siete o zvýšenie minimálnej mzdy. Zníženie kúpyschopnosti strednej vrstvy Američanov v 90. rokoch. Dovoz lacného tovaru z Číny. Vysoké zisky WalMartu. Reálny výhľad na zvýšenie cien dove...

Descripción completa

Guardado en:
Detalles Bibliográficos
Autor principal: Pressburg, Adrian Peter
Formato: Capítulo de libro
Lenguaje:eslovaco
Materias:
Etiquetas: Agregar Etiqueta
Sin Etiquetas, Sea el primero en etiquetar este registro!

MARC

LEADER 00000naa$a2200000$$$4500
001 0036636
005 20231009070746.8
041 0 |a slo 
044 |a SK 
245 1 0 |a Prečo je WalMart za zvýšenie miezd  |c Adrian Peter Pressburg 
520 |a Minimálna mzda v USA a priemerná mesačná mzda pracovníkov maloobchodnej siete WalMart. Požiadavka zástupcu tejto siete o zvýšenie minimálnej mzdy. Zníženie kúpyschopnosti strednej vrstvy Američanov v 90. rokoch. Dovoz lacného tovaru z Číny. Vysoké zisky WalMartu. Reálny výhľad na zvýšenie cien dovezeného čínskeho tovaru. 
610 2 0 |a maloobchod 
610 2 0 |a siete maloobchodné 
610 2 0 |a firmy 
610 2 0 |a zamestnanci 
610 2 0 |a mzdy 
610 2 0 |a mzdy minimálne 
610 2 0 |a tovar 
610 2 0 |a ceny 
610 2 0 |a zisk 
610 2 0 |a dovoz 
610 2 0 |a USA 
610 2 0 |a Čína 
100 1 |a Pressburg, Adrian Peter